| 000 | 00871nam a22002535a 4500 | ||
|---|---|---|---|
| 003 | OSt | ||
| 005 | 20170228123332.0 | ||
| 008 | 170226s2015 ua frb 000 0 ara d | ||
| 015 | _a2015 / 19305 | ||
| 020 | _a9789779034980 | ||
| 040 |
_aEG-ScBUE _bara _cEG-ScBUE |
||
| 043 | _af-ua--- | ||
| 082 | 0 | 4 |
_a333.9100962 _bج ا ب _222 |
| 100 | 1 | _aجاب الله، توفيق محمد. | |
| 245 | 1 | 0 |
_aنهر النيل .. وأمن مصر القومي / _cتوفيق محمد جاب الله. |
| 260 |
_aالقاهرة : _bدار النهضة العربية، _c2015. |
||
| 300 |
_a310 ص. ؛ _c24 سم. |
||
| 504 | _aيشتمل على إرجاعات ببليوجرافية. | ||
| 650 | 7 |
_2BUEsh _aنهر النيل _xجوانب سياسية _zمصر. |
|
| 650 | 7 |
_aالأمن القومي _zمصر. |
|
| 651 | _2BUEsh | ||
| 653 |
_bLLAAWW _cFebruary2017 |
||
| 942 | _2ddc | ||
| 999 |
_c24285 _d24257 |
||